|
|
|
|
| LEADER |
00000nab a2200000 r4500 |
| 001 |
vtls011835168 |
| 003 |
SK-MaSNL |
| 005 |
20260303191234.0 |
| 008 |
190118c2018 xo sr|p|||||||000 b|slo |
| 015 |
|
|
|a SNBRB2019/01
|
| 038 |
|
|
|a PPPK
|
| 040 |
|
|
|a PPPKCL
|b slo
|e rda
|
| 041 |
0 |
|
|a slo
|
| 043 |
|
|
|a e-xo---
|
| 044 |
|
|
|a xo
|c SK
|
| 072 |
|
7 |
|a 394
|x Verejný a spoločenský život. Každodenný život
|2 konspekt
|
| 080 |
|
|
|a 355.48(100)"1914/1918"
|2 2011
|
| 080 |
|
|
|a 394.46
|2 2011
|
| 100 |
1 |
|
|a Trajčíková-Liptáková, Mária
|4 aut
|9 210789
|
| 245 |
1 |
0 |
|a Deň červených makov
|c Mária Trajčíková
|
| 300 |
|
|
|b Fotografie
|
| 336 |
|
|
|a text
|b txt
|2 rdacontent
|
| 337 |
|
|
|a bez média
|b n
|2 rdamedia
|
| 338 |
|
|
|a zväzok
|b nc
|2 rdacarrier
|
| 610 |
2 |
7 |
|a Historický cintorín (Kežmarok, Slovensko)
|2 pppkcl
|9 470976
|
| 611 |
2 |
7 |
|a Deň vojnových veteránov
|d (2018 :
|c Kežmarok, Slovensko)
|2 pppkcl
|9 1220433
|
| 648 |
|
7 |
|a 11.11.2018
|2 pppkcl
|9 1185549
|
| 650 |
0 |
7 |
|a prvá svetová vojna (1914-1918)
|2 pppkcl
|9 162650
|
| 650 |
0 |
7 |
|a výročia a významné udalosti
|2 pppkcl
|9 16069
|
| 650 |
0 |
7 |
|a spomienkové podujatia
|2 pppkcl
|9 120764
|
| 650 |
0 |
7 |
|a 100. výročie
|2 pppkcl
|9 1041281
|
| 651 |
|
7 |
|a Kežmarok (Slovensko)
|2 pppkcl
|9 26808
|
| 773 |
0 |
|
|t Noviny Kežmarok : kultúrno-spoločenský mesačník mesta
|g Roč. 3, č. 12 (2018), s. 19
|x 2453-7608
|
| 852 |
|
|
|a PPPK
|b KIS3GCP
|
| 999 |
|
|
|c 2140237
|d 2142167
|